[Event "Linares 18th"]
[Site "Linares"]
[Date "2001.02.23"]
[Round "1"]
[White "Leko, Peter"]
[Black "Kasparov, Garry"]
[Result "1/2-1/2"]
[WhiteElo "2745"]
[BlackElo "2849"]
[Annotator "Tyomkin,D"]
[PlyCount "109"]
[EventDate "2001.02.23"]
[EventType "tourn"]
[EventRounds "10"]
[EventCountry "ESP"]
[EventCategory "19"]
[SourceTitle "CBM 082"]
[Source "ChessBase"]
[SourceDate "2001.05.17"]
[SourceVersion "1"]
[SourceVersionDate "2001.05.17"]
[SourceQuality "1"]

{This is always difficult to annotate those games on the highest level,
especially when Kasparov is one of the players....} 1. e4 c5 2. Nf3 d6 3. d4
cxd4 4. Nxd4 Nf6 5. Nc3 a6 6. Bg5 e6 7. f4 Qb6 8. Nb3 Be7 9. Qf3 Nbd7 10. O-O-O
Qc7 11. Bd3 b5 12. a3 Rb8 13. Rhe1 {As it was proved in two games of this
tournament, this line isn't dangerous for black.} b4 {After Polgar's 13...h6,
black wasn't worse anywhere:} (13... h6 {1/2-1/2 Leko,P-Polgar,J/Linares 2001/
CBM 82_01 (27)}) 14. axb4 Rxb4 15. Kb1 (15. Qe2 $2 {Tyomkin,D} h6 $1 16. h4 (
16. Bh4 $5 Nxe4 $1 17. Bxe7 (17. Qg4 Ndf6 (17... Nxc3 18. Qxg7 Rf8 19. Bxe7
Kxe7 20. bxc3 Rxf4 21. Qxh6 Rf6 22. Qh4 $132) 18. Bxf6 Nxf6 19. Qxg7 Rg8 20.
Qxh6 Rxg2 $13) 17... Nxc3 18. bxc3 Qxc3 19. Bxd6 Rxb3 20. Qh5 {[%csl Re6]} (20.
f5 {but always black can make a draw}) (20. Be5 $2 Nxe5 21. Qxe5 O-O) 20... Nf6
21. Qc5 $44) (16. Bxf6 Bxf6 17. e5 dxe5 18. f5 Nb6 $1) 16... hxg5 17. hxg5 Nc5
(17... Nh5 $5 18. Rh1 Nc5 (18... g6 19. g4 d5 20. exd5 (20. gxh5 d4 $5 21. hxg6
Qxf4+ 22. Kb1 Rxh1 23. Rxh1 dxc3 24. g7 $1) 20... Qxf4+ 21. Kb1 Qxg4 22. dxe6
Qxe2 23. exd7+ Bxd7 24. Bxe2 Bxg5 25. Bxa6 $11) (18... d5 19. exd5 Qxf4+ 20.
Kb1 Qxg5 21. dxe6 fxe6 22. Qxe6 $44) 19. Rxh5 (19. Nxc5 $2 dxc5 {[%csl Rf4]
[%cal Gc5c4]}) 19... Rxh5 20. Qxh5 Nxb3+ $15) (17... Nh7 $5 18. Rh1 $44 {
[%csl Re8,Rh7,Rh8] Black has piece up,but in other hand the pin on the h-file
and strong position in the center give white a good compensation}) 18. gxf6
gxf6 (18... Nxb3+ 19. cxb3 Bxf6 20. Bc4 Bb7 $13) (18... Bxf6 $6 19. Nxc5 Qxc5
20. e5 dxe5 21. Ne4 $36) 19. Nxc5 $2 (19. Nd2 $142) 19... dxc5 $17 {[%csl Gf4]
[%cal Gc5c4] 0-1 Campora,D-Morovic Fernandez,I/Buenos Aires 1997/CBM 60/
[Tyomkin,D] (34)}) (15. Qh3 e5 $1 {and like in the game Leko-Polgar, but with
an extra tempo for black (saved on h6).}) 15... Bb7 16. Qh3 Nc5 17. Nxc5 $146 (
17. Na2 $4 {Tyomkin,D} Nxd3 18. Bxf6 (18. Qxd3 Rxe4) 18... Rxb3 $1 19. Bxg7
Nxe1 20. Qxb3 Rg8 $19 {Ellison,D-Collinson,A/Balatonbereny op 1992/0-1(29)})
17... dxc5 {After 17...Qxc5 white can reach the draw by 18.Na2, which Kasparov
tried to avoid.} (17... Qxc5 $5 18. Na2 (18. e5 Nd7 $1 {[%cal Rc5c3]} 19. Na2 (
19. Bxe7 $4 Qxc3) 19... Bxg5 20. Nxb4 Bxf4 $15) (18. Bxf6 Bxf6 19. e5 dxe5 20.
fxe5 Bxe5 21. Bg6 Rxb2+ 22. Kxb2 Bxc3+ 23. Qxc3 Qxc3+ 24. Kxc3 hxg6 25. Rb1 Bc8
$8 $15) 18... Ra4 (18... Rb6 $5) 19. Nc3 (19. e5 Qa5 20. b4 $8 Rxb4+ 21. Nxb4
Qxb4+ 22. Kc1 Nd5 23. Bxe7 Nc3 $1 {[%cal Rc3a2]} 24. Kd2 $1 Kxe7 25. Qh4+ Kd7
$17) 19... Rb4 $11) 18. e5 Nd5 {Another very sharp alternative leads to the
complications, probably with the draw at the end:} (18... c4 19. exf6 (19. Be2
Qb6 $1 20. Kc1 $1 (20. exf6 Rxb2+ 21. Kc1 Rxc2+ $3 22. Kxc2 Qb3+ $19) 20...
Rxb2 21. Bxc4 Nd5 22. Bxe7 Nxe7 {[%cal Ge8g8]}) 19... gxf6 20. Rxe6 (20. Bxh7 {
Kasparov} Qb6 $1 (20... fxg5 21. Rxe6 $1) 21. Rxe6 Qxe6 22. f5 Rxb2+ $1) (20.
Bh6 cxd3 21. Qxd3 f5 $132) (20. Bf5 fxg5 21. Rxe6 fxe6 22. Qh5+ Kf8 23. Qh6+ (
23. Bxe6 Rxb2+ $1 {[%cal Gc7b6,Gb6e6]}) 23... Ke8 24. Qh5+ $11) 20... cxd3 (
20... fxg5 21. Bxh7 $1 $16) 21. Bxf6 dxc2+ 22. Kxc2 fxe6 23. Qh5+ (23. Bxh8
Be4+ $19) 23... Kf8 24. Qh6+ Ke8 25. Qh5+ $11 (25. Bxh8 Be4+ 26. Kc1 Bg6 $17))
19. Nxd5 Bxd5 20. c3 $14 {White just looks a little bit better here, and black
didn't solve all the opening problems yet, like he can not caslte so far.} Rb3
$5 {That's an attempt to complicate the game by following sacrifice of
exchange, and to play for a win. Another possibility led to the worse position
of black, but with the good chances for a draw.} (20... Rb6 21. c4 $14) 21. Bc2
Qb7 22. Bxb3 Qxb3 23. Rxd5 $6 {White may try to keep the material advantage,
and I didn't find the clear way for black to create sufficient compensation:} (
23. Bxe7 $142 Qa2+ (23... Be4+ 24. Rd3 $1 Bg6 (24... Bf5 25. g4 $1) 25. Kc1 $1
Kxe7 26. Qh4+ f6 27. exf6+ gxf6 28. Rd2 Qa2 29. Kd1 Rb8 30. Qg4 $1 $16 {
[%cal Rf4f5]}) (23... Kxe7 24. Qh4+ Kd7 25. Kc1 Qa2 26. Re2 Rb8 $140 $2 27.
Qxh7 Qa1+ 28. Qb1 $1) 24. Kc1 (24. Kc2 Bb3+) 24... Qa1+ 25. Kc2 Qa4+ 26. Kd3 (
26. Kd2 Qxf4+ {-26.Kd3}) 26... Qc4+ (26... Kxe7 27. Qh4+ Kd7 28. Ke3 $16 {
[%cal Ge3f2]}) 27. Kd2 Qxf4+ 28. Qe3 Qxe3+ 29. Kxe3 Kxe7 30. c4 $1 $16) 23...
Qxd5 24. Bxe7 Kxe7 25. Qh4+ Kd7 26. Qg4 {[%cal Re1d1,Rg4g7]} Kc6 $1 {Black
doesn't mind about the pawn g7;} 27. Qe2 $1 {[%cal Ye2e4,Re1d1] Imrpoving the
queen and threatening Rd1 as well;} (27. f5 Qd3+ 28. Ka2 Qxf5 29. Qxg7 Rb8 {
and black is fine;}) (27. Qxg7 $6 Rb8 {and black has a draw at least;}) 27...
Rd8 $8 28. Qxa6+ {White has reached a pawn, but black saves the game thanks to
his centralized pieces;} Kc7 29. Qa7+ Kc6 30. Qa6+ Kc7 31. Qa5+ Kb7 {31...Kc6
helps white to bring the queen to the defence through a4;} (31... Kc6 32. Qa4+
{[%cal Ya4c2]}) 32. Qb5+ Kc7 33. Qa5+ Kb7 34. Qb5+ Kc7 35. Qe2 h5 $5 {Good
positional move- black captures some space over the kingside and prevents
g2-g4;} (35... Qd2 36. g4 $1) 36. g3 g6 37. c4 {That's the only thing white
can do here;} Qd2 38. Qe3 Rd4 {Now white is forced to trade queens anyhow, but
the rook ending is safe for black because of the active rook;} 39. Qxd2 Rxd2
40. Re3 (40. h4 Rd4 41. Rc1 Rd3 42. Rc3 Rxc3 43. bxc3 $11) 40... Rxh2 41. Rf3
Kc6 (41... Rh3 {[%cal Rh5h4]} 42. Ra3 $11) 42. Ka2 Rh3 {[%cal Rh5h4]} 43. Rb3
h4 {Kasparov is who tries to win in this ending, but easily holds the defence
here;} 44. gxh4 Rxh4 45. Rf3 Rh5 {[%cal Rh5f5,Gg6g5] That is the last chance
of black to do something.} 46. Rg3 $8 {Easily repeling the threat.} Rh2 {
[%cal Gh2f2]} (46... Rf5 47. Rg4 $11 g5 {white can reach the draw now by
different ways, here is one of them:} 48. fxg5 Rxe5 49. g6 fxg6 50. Rxg6 {
and the draw is obvious.}) 47. Rf3 Rc2 48. Kb3 Rc1 49. Rf2 Kb6 50. Rf3 Ka5 51.
Rf2 Re1 {[%cal Re1e3]} 52. Ka3 {[%cal Yb2b3]} Ra1+ (52... Re3+ 53. b3 {and
black king can't get b4 square.}) 53. Kb3 Rc1 54. Rf3 Kb6 55. Rf2 1/2-1/2

[Event "Asker 75th"]
[Site "Asker"]
[Date "1997.11.27"]
[Round "6"]
[White "Nataf, Igor Alexandre"]
[Black "Akesson, Ralf"]
[Result "1-0"]
[WhiteElo "2440"]
[BlackElo "2520"]
[Annotator "Tyomkin,D"]
[PlyCount "45"]
[EventDate "1997.11.22"]
[EventType "tourn"]
[EventRounds "9"]
[EventCountry "NOR"]
[EventCategory "10"]
[SourceTitle "CBM 062"]
[Source "ChessBase"]
[SourceDate "1998.01.31"]
[SourceVersion "1"]
[SourceVersionDate "1998.01.31"]
[SourceQuality "1"]

1. e4 c5 2. Nf3 d6 3. d4 cxd4 4. Nxd4 Nf6 5. Nc3 a6 6. Bg5 e6 7. f4 Qb6 8. Qd2
Qxb2 9. Rb1 Qa3 10. Bxf6 gxf6 11. Be2 Nc6 12. Nxc6 bxc6 13. O-O Be7 14. Kh1 Qa5
$1 (14... O-O {Boensch} 15. f5 Kh8 16. e5 (16. Rb6 Qc5 17. Na4 Qe5 18. Rxc6
Qxe4 19. Rc7 Bd8 (19... Qxa4 20. Rxe7 $40) 20. Rc4 Qe5 $17) 16... dxe5 17. Rb3
Qa5 (17... Qd6 18. Qh6 Rg8 (18... exf5 $4 19. Nb5 axb5 20. Rh3 $18) 19. Ne4 Qd5
20. Rh3 Rg7 21. Bf3 Qc4 22. Re1 exf5 23. Nxf6 Bxf6 $8 24. Qxf6 $44) 18. Qh6 Rg8
19. Ne4 Qd8 20. Rh3 Rg7 21. Rd1 $1 $18 {Wells,P-Van Wely,L/Linares zt 1995/1-0
(35)}) 15. Qe3 (15. Qe1 $5 {Brodskij,M} h5 (15... O-O 16. Nd5 Qd8 17. Ne3 d5
18. Bd3 $40) 16. Qg3 Kf8 17. Rb3 h4 18. Qf3 d5 19. exd5 (19. Bd3 $1 f5 20. exf5
exf5 21. Nd1 $36) 19... exd5 20. h3 (20. f5 $5 $13 {ץc8}) 20... f5 $1 $15 {
Brodskij,M-Zagorskis,D/Berlin 19931-0(32)}) (15. f5 h5 16. Bf3 (16. Qd3 h4 17.
Qh3 Kd8 18. Bg4 Qe5 19. Rb6 Kc7 20. Rfb1 Ra7 $15 {Ivanovic,B-Ftacnik,L Luzern 
(ol) 1982/0-1(37)}) 16... e5 17. Qd3 Qc7 18. Rb3 Rb8 19. Rxb8 Qxb8 20. Qc4 Qc7
21. Rb1 $44 {Velimirovic,D-Gavrikov,V Vrsac 1985/1-0 (37)}) 15... O-O $1 $146 (
15... h5 16. Rb3 Kf8 17. Rfb1 h4 18. h3 d5 19. Bf3 Bc5 20. Qd3 Kg7 21. f5 d4
22. Ne2 e5 23. g3 hxg3 24. Bg2 Kf8 25. c3 dxc3 26. Rxc3 Ke7 27. Qc2 Bd6 28.
Nxg3 Bd7 29. Nf1 Rhd8 30. Ne3 Qc7 31. Nd5+ {Brodsky,M-Biriukov,N/RUS-Cup1
Chigorin mem 1996/1-0EXP 56/[Shipov]}) 16. Rf3 $6 (16. f5 $142 $5 Qe5 (16...
Kh8 17. Rb6 c5 18. Rfb1) (16... e5 $2 17. Rf3 Kh8 18. Bc4) 17. Rb6 $140 $6 c5 {
[%cal Ge7d8]}) 16... Kh8 $15 {[%cal Gf8g8,Gg8g7] typical defensive monouevre
in this strucure} 17. Rh3 Rg8 18. Rh5 Qc7 $6 (18... f5 $2 19. exf5 Bf6 20. Ne4
Qxa2 21. Rd1 $16) (18... e5 $142 19. Rf1 (19. f5 d5) (19. Rb6 $2 exf4 20. Rxa5
fxe3 21. Rxc6 f5 $1) 19... Rg7 20. f5 $2 d5 21. Rf3 d4 22. Qh6 Rb8 $1 $19 23.
Rfh3 $140 Rb1+) 19. Rf1 Rg7 20. Rf3 Qa7 21. Qd2 Bd7 (21... f5 $5 22. Bd3 Qd4
23. exf5 exf5 24. Qe2 Qf6 25. Re3 $132) 22. Qe1 {[%cal Ge1h4] with clear
threat Qh4,but black doesn't pay attention.} Rag8 $4 (22... f5 23. Bd3 $1 (23.
exf5 exf5 24. Bd3 Bf6 25. Bxf5 Re8 26. Qf1 d5 $17) 23... Bf6 $1 (23... fxe4 24.
Nxe4 $36 {[%csl Rh7][%cal Ge4g5,Yd3h7]}) 24. exf5 exf5 25. Bxf5 d5 26. Rfh3
Bxf5 27. Rxf5 Qe7 (27... Bd4 28. Rg5 $1 $13) 28. Re3 Qd6 $15 {[%csl Rc3,Gf6]})
{[%tqu "En","Show the last move of this game","","","e1h4","Black is helpless",
10,"e1h4","",0]} 23. Qh4 {[%cal Rf3h3,Rh5h7] Black is helpless} (23. Qh4 f5 24.
Qxe7 fxe4 {[%tqu "En","Find the quickest way","","","e7f6","",10]} 25. Qf6 $3 {
[%cal Rh5h7]}) 1-0

[Event "Maroczy Memorial"]
[Site "Szeged"]
[Date "1997.11.15"]
[Round "2"]
[White "Wells, Peter K"]
[Black "Zhang, Zhong"]
[Result "0-1"]
[WhiteElo "2530"]
[BlackElo "2475"]
[Annotator "Tyomkin,D"]
[PlyCount "62"]
[EventDate "1997.11.14"]
[EventType "tourn"]
[EventRounds "9"]
[EventCountry "HUN"]
[EventCategory "13"]
[SourceTitle "CBM 062"]
[Source "ChessBase"]
[SourceDate "1998.01.31"]
[SourceVersion "1"]
[SourceVersionDate "1998.01.31"]
[SourceQuality "1"]

1. e4 c5 2. Nf3 d6 3. d4 Nf6 4. Nc3 cxd4 5. Nxd4 a6 6. Bg5 e6 7. f4 Qb6 8. Qd2
Qxb2 9. Nb3 Qa3 10. Bxf6 gxf6 11. Be2 h5 12. O-O Nd7 13. Kh1 h4 14. h3 (14. Bg4
{Kasparov,G} h3 $1 15. Bxh3 (15. g3 b5) 15... Rxh3 $1 16. gxh3 b5 $44) 14...
Be7 15. Rad1 b6 (15... b5 {Boensch} 16. Bxb5 axb5 17. Nxb5 Qa4 18. Nc7+ Kf8 19.
Nxa8 Qxa8 $13) 16. Qe3 (16. Qd4 $5 {Kasparov,G} Nc5 (16... Bb7 $2 17. Nb1 $1
Qxa2 18. N1d2 $1 $16) 17. e5 dxe5 18. fxe5 f5 $13) 16... Bb7 17. Rd4 $2 $146 {
In my opinion only 17.f5 of Short gives white the compensation.} (17. f5 {
Kasparov} Rc8 (17... Ne5 $6 {Ftacnik} 18. Qxb6) 18. fxe6 fxe6 19. Bg4 Qb2 $1
20. Rd3 (20. Ne2 $2 Qe5 21. Nf4 f5 $17) 20... f5 $1 21. Rb1 (21. exf5 $5) 21...
Qxb1+ 22. Nxb1 fxg4 23. hxg4 $13 h3 $6 24. Rc3 $6 (24. gxh3 $1) 24... hxg2+ 25.
Kxg2 Rg8 26. Rxc8+ Bxc8 27. Kf1 Rxg4 28. N1d2 e5 $1 29. Qc3 $1 Bb7 30. Qc7 {
1/2-1/2 Short,N-Kasparov,G/Riga 1995} (30. Qc7 Bxe4 31. Nxe4 Rxe4 32. Qc8+ Bd8
33. Qxa6 $10)) 17... Rc8 $17 {[%cal Ga3b2]} 18. Nb1 (18. f5 Ne5 $17) (18. Qd2
b5 {[%cal Ga3b2]} 19. Bxb5 $140 $6 axb5 20. Nxb5 Qxa2 $19 {[%cal Gc8c2]}) 18...
Qxa2 19. c4 Rg8 20. Rd2 $2 (20. N1d2 $142 {[%cal Gf1a1] was giving white some
chances.} Rg3 21. Bf3 Nc5 (21... e5) 22. Ra1 Qb2 23. Rb1 Qa3 24. Ra1 Qb4 $17)
20... Qa4 21. Nd4 Qb4 22. Nc3 f5 $19 23. Bf3 (23. Rb1 Qc5 $19) 23... Qxc4 24.
Rc1 fxe4 25. Bxe4 Rg3 26. Bf3 Bxf3 27. Nxf3 Qc5 28. Qd3 Qa3 29. Rdc2 Nc5 30.
Qh7 Kd7 31. Ne2 (31. Qxf7 Rf8 32. Qh5 Rxf4 $19) 31... Rxf3 (31... Rxf3 32. gxf3
Qxf3+ 33. Kg1 (33. Kh2 Nd3) 33... Qe3+ {etc.}) 0-1

[Event "RUS-Cup01 Chigorin Memorial"]
[Site "St Petersburg"]
[Date "1997.11.04"]
[Round "4"]
[White "Brodsky, Michail"]
[Black "Biriukov, Oleg V"]
[Result "1-0"]
[WhiteElo "2545"]
[BlackElo "2410"]
[Annotator "Tyomkin,D"]
[PlyCount "57"]
[EventDate "1997.11.01"]
[EventType "swiss"]
[EventRounds "9"]
[EventCountry "RUS"]
[SourceTitle "CBM 062"]
[Source "ChessBase"]
[SourceDate "1998.01.31"]
[SourceVersion "1"]
[SourceVersionDate "1998.01.31"]
[SourceQuality "1"]

1. e4 c5 2. Nf3 d6 3. d4 cxd4 4. Nxd4 Nf6 5. Nc3 a6 6. Bg5 e6 7. f4 Qb6 8. Nb3
Be7 9. Be2 h6 10. Bxf6 Bxf6 11. Qd3 Nd7 (11... Nc6 $1 {Brodsky,M} 12. O-O-O O-O
13. h4 a5 $1 14. a3 a4 {Brodsky,M} (14... Bd7 $6 {Brodsky,M-Kupreichik,V/
Beskidy 1991/1/2-1/2(60)}) 15. Nd2 Nd4 (15... Qc5 16. Nf3 $13 {/\} Rd8 17. Nb5
$5 {/\ g4-g5}) 16. Nc4 Qc6 17. e5 dxe5 18. fxe5 Nxe2+ 19. Qxe2 Be7 20. Nd6 f6
$1 $132) 12. O-O-O Be7 (12... Ke7 $2 {Tyomkin,D} 13. Rd2 {[%csl Rd6][%cal
Gh1d1]} (13. g4 $5 {[%cal Gh2h4,Yg4g5]} g5 $13) 13... Qc7 (13... Rd8 $2 14.
Rhd1) 14. Nd4 $6 (14. Rhd1 $142 Bxc3 15. bxc3 Nf6 (15... Nc5 16. Nxc5 dxc5 17.
e5 $16 {/+-}) 16. Bf3 $16) 14... Nb6 15. a4 Bd7 16. a5 Nc8 17. Nf5+ Ke8 18.
Nxd6+ Nxd6 19. Qxd6 Qxd6 20. Rxd6 Bc6 $44 {^^ Brodsky,M-Mitenkov,A/Katowice op
1993/1-0(39)}) 13. h4 Nf8 $2 $146 (13... Qc7 $142 14. Bf3 {Tyomkin,D} (14. g4 {
Oll,L} b5 15. Bf3 Rb8 16. g5 b4 17. Ne2 a5 18. g6 (18. Rhg1 a4 19. Nbd4 Nc5 20.
Qe3 b3 $36) (18. Kb1 {>=} a4 19. Nbd4 Nc5 20. Qe3 $5 (20. Nb5 Nxd3 21. Nxc7+
Kd7 22. cxd3 (22. Nxe6 $6 Nf2 23. Nxg7 hxg5 $1 $17) 22... Kxc7 $10)) 18... O-O
$1 19. gxf7+ Rxf7 20. Bh5 Rf6 (20... Rf8 $2 {Oll,L-Mrdja,M/Roma 1990/1-0(40)})
21. Rhg1 Bf8 22. Kb1 a4 23. Nd2 Nc5 24. Qg3 e5 $1 $15) 14... Nb6 (14... O-O 15.
g4 $16 {[%csl Rh6][%cal Gg4g5]}) (14... b5 $5) 15. g4 Bd7 16. g5 O-O-O 17. Nd4
hxg5 18. hxg5 g6 19. Kb1 Kb8 20. f5 gxf5 21. exf5 Bxg5 {1/2-1/2 Palkovi,
J-Petrosian,A/Siofok Hungaroil 1990}) (13... Nc5 {Tyomkin,D} 14. Qg3 Nxb3+ 15.
axb3 Rg8 (15... O-O 16. e5 $16 {[%csl Rc8]}) 16. e5 Bd7 17. f5 $1 dxe5 18. Bh5
$1 {[%cal Rh5f7]} O-O-O (18... exf5 19. Qxe5 (19. Bxf7+ $5 Kxf7 20. Rxd7 $40)
19... Qe6 20. Qc7 Bc6 21. Rhe1 $18 Rc8 (21... Qf6 22. Nd5 $18) {[%tqu "En","",
"","","d1d8","",10]} 22. Rd8+ $3) 19. Bxf7 Rgf8 20. Qg6 (20. fxe6 $142 $14)
20... Bf6 21. Rxd7 $1 Kxd7 22. fxe6+ Ke7 $4 (22... Kc7 $142 23. Ne4 (23. e7
Bxe7 24. Nd5+ Rxd5 25. Qxb6+ Kxb6 26. Bxd5 $11) 23... Be7 $132) 23. Ne4 Qe3+
24. Kb1 Qf4 25. Ng3 {[%cal Rg3f5]} Kd6 26. Rf1 $18 {Oll,L-Novikov,I/Debrecen
1990/1-0(30)}) 14. Qg3 $16 g6 $2 {[%csl Rf6]} (14... Rg8 $142 {[%cal Gc8d7]}
15. f5 $16) 15. f5 Bd7 16. Rhf1 Qd8 17. f6 Bxf6 18. Qf3 Nh7 {[%tqu "En","","",
"","e4e5","",10,"d1d6","",0]} 19. e5 $1 $18 (19. Rxd6 $2 Qe7 20. e5 Bxe5 21.
Qxb7 Rd8 (21... Rc8 $2 22. Rxd7 Qxd7 23. Qxd7+ Kxd7 24. Rxf7+)) 19... Bc6 (
19... dxe5 20. Ne4 $18) 20. Qf2 Bxg2 21. exf6 (21. Qxg2 Bxe5 22. Qxb7 $18)
21... Bxf1 22. Rxf1 {Black has a rook and two pawns for two minor pieces,but
his position is hopeless} Qc7 23. Bg4 $1 {desturbes black to castle} Nf8 (23...
O-O-O $140 24. Nd5 $18) 24. Qe3 Kd8 25. Nd4 (25. Re1 $5 {[%cal Gc3d5]}) 25...
Qc5 {Black can't move} 26. Ne4 Qc7 27. Rd1 $6 (27. Qa3 $1 d5 28. Nd6 $18 {
[%cal Rd4b5]}) 27... Kc8 $4 (27... d5 $8 {[%tqu "En","","","","d4e6","",10]}
28. Nxe6+ $1 fxe6 (28... Nxe6 29. Rxd5+ Ke8 30. Qa3 $1 $18) 29. Nc5 $18 {
with decisive attack} (29. Bxe6 Nxe6 30. Rxd5+ Kc8 31. Nd6+ Kb8 32. Qxe6 $18 {
[%cal Gf6f7]})) 28. Nb5 axb5 29. Nxd6+ (29. Nxd6+ Kb8 30. Nxb5 {[%csl Rd8]
[%cal Re3e5]}) 1-0

[Event "Smartchess.com 2nd"]
[Site "New York"]
[Date "2001.10.14"]
[Round "8"]
[White "Cela, Altin"]
[Black "Shahade, Gregory P"]
[Result "0-1"]
[WhiteElo "2483"]
[BlackElo "2455"]
[Annotator "Tyomkin,D"]
[PlyCount "64"]
[EventDate "2001.10.07"]
[EventType "tourn"]
[EventRounds "9"]
[EventCountry "USA"]
[EventCategory "10"]
[SourceTitle "CBM 086"]
[Source "ChessBase"]
[SourceDate "2002.02.05"]
[SourceVersion "1"]
[SourceVersionDate "2002.02.05"]
[SourceQuality "1"]

1. e4 c5 2. Nf3 d6 3. d4 cxd4 4. Nxd4 Nf6 5. Nc3 a6 6. Bg5 e6 7. f4 Qb6 8. Nb3
Nbd7 9. Be2 (9. Qf3 {-is a main line;}) 9... Be7 10. Qd2 (10. Qd3 {-more
popular continuation;}) 10... Qc7 (10... h6 11. Bxf6 (11. Bh4 $2 Nxe4 $1) 11...
Nxf6 12. Bf3 e5 (12... O-O 13. O-O-O {[%csl Rh6][%cal Gg2g4]}) 13. O-O-O a5 14.
Qd3 a4 15. Nd2 O-O 16. Nc4 Qc5 17. fxe5 dxe5 18. Nd5 Ng4 $15 {0-1 Shredder
5-Nimzo 8/Cadaques ESP 2001/The Week in Chess 326 (60)}) 11. Bf3 h6 12. Bxf6
Nxf6 {Another interesting idea for black was shown in the next game:} (12...
Bxf6 13. O-O-O (13. Nd4 Nb6 $15 {[%csl Rc4]}) 13... Bxc3 14. bxc3 Ke7 $15 {
0-1 De la Paz,F-Herrera,I/Havana 2001/CBM 82 ext (33)}) 13. O-O-O Bd7 {Other
alternative plans hadn't reached balance for black:} (13... Rb8 14. g4 (14. Kb1
Nd7 15. h4 b5 16. g4 b4 17. Ne2 e5 18. Ng3 $14 {1-0 Vuckovic,B-Colovic,A/
Lazarevac YUG 1999 (27)}) 14... b5 15. h4 b4 16. Ne2 a5 17. Nbd4 $14 {1/2-1/2
Odisharia,T-Gadjily,R/Batumi GEO 2001/The Week in Chess 348 (47)}) (13... e5
14. Kb1 Bd7 15. Rhe1 Rc8 16. g4 exf4 17. Qxf4 $14 {[%csl Yd5,Yf5][%cal Gb3d4]
1-0 Vuckovic,B-Novikov,I/Ikaros GRE 1999 (27)}) 14. Rhe1 (14. g4 $5 {[%cal
Gh2h4] is alternative plan, with the idea to catch space over the kingside by
pawns;}) 14... O-O-O 15. Re3 (15. Kb1 e5 (15... g5 16. e5 dxe5 17. fxe5 Bc6 18.
Qf2 Rxd1+ 19. Nxd1 Nd5 20. Ne3 $1 $14 (20. Bxd5 Bxd5 21. Qxf7 Bb4 $44)) (15...
Kb8 $5 {[%cal Gd8c8] with same ideas like in the game;}) 16. fxe5 dxe5 17. Nd5
Nxd5 18. exd5 Bf5 19. Ka1 Kb8 20. c4 Qxc4 21. Rxe5 Bg5 22. Qf2 (22. Na5 Qb5 23.
Qe1 Bf6 24. Be2 Qd7 25. Rxf5 Qxf5 26. Qb4 Rd7 27. Bxa6 Qc2 28. Rb1 $16 {
1-0 Vuckovic,B-Vujacic,B/Kragujevac YUG 2000/The Week in Chess (47)}) 22... Qf4
23. Rxf5 $1 Qxf5 24. Qb6 $40 {1-0 Nikolaidis,K-Novikov,I/Korinthos GRE 2000/
The Week in Chess 300 (35)}) 15... Kb8 16. Kb1 g5 {Here e4-e5 is bad because
of gxf4 and Re3 is under attack there;} 17. g3 gxf4 18. gxf4 e5 $1 $146 {
Black hadn't reach complete equality in the following game:} (18... h5 19. Rd3
h4 20. Qe3 Bc6 21. a3 (21. Nd4 $14) 21... Nd7 22. Nd4 Nb6 23. Nxc6+ Qxc6 {
1/2-1/2 Ivanovic,B-Ilincic,Z/Belgrade 2000/CBM 80 (23)}) 19. Nd5 (19. f5 d5 $1)
19... Nxd5 20. exd5 Bf6 21. Na5 $2 {[%cal Ye3b3] clearing 3rd rank for the
rook; But the forthcoming plan of attack over the queenside is definitely
false- black easily repeals all white threats and then removes white pieces
back, beginning an action over the queenside by himself; White had better way
to realize the same idea with Na5, playing Rc3 first and forcing black to
place the queen on b-file, but black could reach the balance by series of
smart moves;} (21. Rc3 Qb6 22. Na5 $1 {[%cal Ra5c6] That was white had missed
probably...} Ba4 $8 23. Ra3 (23. Nc4 Qd4 $1 24. Qxd4 exd4 25. Ra3 Bb5 $11)
23... e4 $1 24. Nc4 Qc5 {Black holds this position by tactical tricks;} 25.
Bxe4 (25. Rxa4 exf3 $132) 25... Qxc4 26. Bd3 Bxc2+ $1 {One more smart move;} (
26... Qxd5 27. Rxa4 $14 {[%cal Ga4b4,Gd2b4,Ga4a5]}) 27. Bxc2 Rhe8 $11) 21...
Ka7 {[%cal Gd8b8]} 22. Rb3 Rb8 23. Re1 Rhc8 24. Re4 {[%cal Ge4c4,Yc4b4]} Bd8 $1
$17 25. Nc4 $2 {It loses some material and leads to the hopeless position at
once;} (25. Qe3+ Qc5 26. Ra3 Bb6 27. Qxc5 Bxc5 $17 {[%cal Gf7f5,Yc8g8] white
has big troubles here;}) ({Most resistant way was:} 25. Ra3 f5 26. Ree3 e4 27.
Be2 Bf6 $17 {[%cal Gc8g8]} 28. Rg3 Qb6 $17 {[%cal Gb6f2]}) 25... f5 $19 {
Now the game is over for white- he can just make few more moves hoping for
blunder of his opponent;} 26. Qe3+ (26. Nxd6 fxe4 27. Nxc8+ Rxc8 28. Bxe4 {
[%cal Gd5d6]} Qd6 $19) 26... b6 27. Rc3 fxe4 28. Na5 exf3 (28... Qxc3 29. bxc3
exf3 $19) 29. fxe5 Qxc3 30. bxc3 Bh4 31. Nc6+ Bxc6 32. Qxf3 Bb7 {Two many
pieces for one queen....} 0-1